| 000 | 00591nam a2200217 a 4500 | ||
|---|---|---|---|
| 001 | BRL_975 | ||
| 005 | 20190320210958.0 | ||
| 008 | 301013s1961----mx-#######---#000-1#spa-# | ||
| 041 | _aspa | ||
| 044 | _amx | ||
| 050 | 4 |
_aPQ7297.B46 _b.A38 1961 |
|
| 100 | 1 |
_aBenítez, Fernando _d1912-2000 _925483 |
|
| 245 | 1 | 0 |
_aEl Agua Envenenada _cFernando Benítez. |
| 260 |
_aMéxico _bFondo de Cultura Económica _c1961 |
||
| 300 |
_a182 p. _c17 cm. |
||
| 440 | 0 |
_aColección popular _v27 _925484 |
|
| 500 | _aAu1129 | ||
| 650 | 1 | 4 |
_anovela mexicana _ySiglo XX _923904 |
| 902 | _aGRL | ||
| 942 |
_2lcc _cB |
||
| 999 |
_c9787 _d9787 |
||